Statistics for Farm Things

Click here to take the quiz!

General Stats

  • This quiz has been taken 58 times
  • The average score is 8 of 15

Answer Stats

Answer% Correct
Tractor
100%
Bale
81%
Combine
73%
Silo
62%
Field
58%
Plow
58%
Cultivator
54%
Planter
50%
Sprayer
50%
Skidsteer
42%
Front loader
38%
PTO
38%
Grain cart
35%
Manure spreader
27%
Wheel loader
23%

Score Distribution

Percentile by Number Answered

Percent of People with Each Score

Your Score History

You have not taken this quiz